<?xml version="1.0" encoding="UTF-8"?>
<record
    xmlns:xsi="http://www.w3.org/2001/XMLSchema-instance"
    xsi:schemaLocation="http://www.loc.gov/MARC21/slim http://www.loc.gov/standards/marcxml/schema/MARC21slim.xsd"
    xmlns="http://www.loc.gov/MARC21/slim">

  <leader>01472nam a2200289 a 4500</leader>
  <controlfield tag="001">41994</controlfield>
  <controlfield tag="003">BD-RjUL</controlfield>
  <controlfield tag="005">20211209053459.0</controlfield>
  <controlfield tag="008">160608s1951    wau           000 0 eng d</controlfield>
  <datafield tag="035" ind1=" " ind2=" ">
    <subfield code="a">(BD-RjUL)42112</subfield>
  </datafield>
  <datafield tag="035" ind1=" " ind2=" ">
    <subfield code="a">2202757</subfield>
  </datafield>
  <datafield tag="040" ind1=" " ind2=" ">
    <subfield code="a">WASKC</subfield>
    <subfield code="b">eng</subfield>
    <subfield code="c">WASKC</subfield>
    <subfield code="d">ANL:NR</subfield>
    <subfield code="d">ANL</subfield>
  </datafield>
  <datafield tag="041" ind1=" " ind2=" ">
    <subfield code="a">eng</subfield>
  </datafield>
  <datafield tag="082" ind1="0" ind2="4">
    <subfield code="a">323.673</subfield>
    <subfield code="2">19</subfield>
    <subfield code="b">CAU 1951</subfield>
  </datafield>
  <datafield tag="100" ind1="1" ind2=" ">
    <subfield code="a">Campbell, Ernest Howard</subfield>
    <subfield code="d">1910-</subfield>
    <subfield code="9">129094</subfield>
  </datafield>
  <datafield tag="245" ind1="1" ind2="0">
    <subfield code="a">United States citizenship and qualifications for voting in Washington :</subfield>
    <subfield code="b">a manual for persons concerned with determining questions of United States citizenship, with special reference to the applicable provisions of the constitution and laws of the State of Washington relating to qualifications for voting /</subfield>
    <subfield code="c">by Ernest H. Campbell and George D. Smith.</subfield>
  </datafield>
  <datafield tag="260" ind1=" " ind2=" ">
    <subfield code="a">Seattle :</subfield>
    <subfield code="b">University of Washington Press,</subfield>
    <subfield code="c">1951.</subfield>
  </datafield>
  <datafield tag="300" ind1=" " ind2=" ">
    <subfield code="a">ix, 94 p.;</subfield>
    <subfield code="c">23 cm.</subfield>
  </datafield>
  <datafield tag="490" ind1="1" ind2=" ">
    <subfield code="a">University of Washington. Bureau of Governmental Research and Services. Report ;</subfield>
    <subfield code="v">no. 105</subfield>
  </datafield>
  <datafield tag="500" ind1=" " ind2=" ">
    <subfield code="a">A revision of A manual on citizenship for registrars of voters, published in 1936 by the Bureau of Governmental Research as its Report no. 18.</subfield>
  </datafield>
  <datafield tag="650" ind1=" " ind2="0">
    <subfield code="a">Citizenship</subfield>
    <subfield code="z">United States.</subfield>
    <subfield code="9">129095</subfield>
  </datafield>
  <datafield tag="650" ind1=" " ind2="0">
    <subfield code="a">Suffrage</subfield>
    <subfield code="z">Washington (State)</subfield>
    <subfield code="9">129096</subfield>
  </datafield>
  <datafield tag="700" ind1="1" ind2=" ">
    <subfield code="a">Smith, George Duncan,</subfield>
    <subfield code="d">1921-,</subfield>
    <subfield code="e">joint author.</subfield>
    <subfield code="9">129097</subfield>
  </datafield>
  <datafield tag="830" ind1=" " ind2="0">
    <subfield code="a">Report (University of Washington. Bureau of Governmental Research and Services) ;</subfield>
    <subfield code="v">no. 105</subfield>
    <subfield code="9">129100</subfield>
  </datafield>
  <datafield tag="942" ind1=" " ind2=" ">
    <subfield code="2">ddc</subfield>
    <subfield code="c">BK</subfield>
  </datafield>
  <datafield tag="999" ind1=" " ind2=" ">
    <subfield code="c">41994</subfield>
    <subfield code="d">41994</subfield>
  </datafield>
  <datafield tag="952" ind1=" " ind2=" ">
    <subfield code="0">0</subfield>
    <subfield code="1">0</subfield>
    <subfield code="2">ddc</subfield>
    <subfield code="4">0</subfield>
    <subfield code="7">0</subfield>
    <subfield code="8">NFIC</subfield>
    <subfield code="a">RUCL</subfield>
    <subfield code="b">RUCL</subfield>
    <subfield code="c">Stack</subfield>
    <subfield code="d">1967-04-01</subfield>
    <subfield code="e">Pak Ameriaca</subfield>
    <subfield code="g">7.50</subfield>
    <subfield code="l">0</subfield>
    <subfield code="o">323.673 CAU 1951</subfield>
    <subfield code="r">2016-06-08 00:00:00</subfield>
    <subfield code="t">C-2</subfield>
    <subfield code="w">2016-06-08</subfield>
    <subfield code="y">BK</subfield>
  </datafield>
</record>
